Observación participante /

Bibliographic Details
Main Author: Guasch, Oscar
Format: Libro
Language:English
Published: Madrid, España CIS 2002
Edition:2a.ed.
Series:Cuadernos metodológicos 20
Subjects:
Online Access:

MARC

LEADER 00000cam a2200000 a 4500
001 004099
003 UAHC_CL
005 20170803120016.0
008 010822b xx j 000 1 eng
020 |a 8474762405 
040 |a UAHC_CL  |c UAHC_CL  |d UAHC_CL 
100 1 |a Guasch, Oscar 
245 1 0 |a Observación participante /  |c Oscar Guasch. 
250 |a 2a.ed. 
260 |b CIS  |c 2002  |a Madrid, España 
300 |a 105 p. 
490 0 |a Cuadernos metodológicos  |v 20 
650 4 |a CIENCIAS SOCIALES  |x METODOLOGIA 
900 |a 303.37 GUA 
942 |c BK 
952 |0 0  |1 0  |4 0  |6 303_370000000000000_GUA  |7 0  |8 General  |9 9221  |a BC  |b BC  |c General  |d 2017-08-03  |l 0  |o 303.37 GUA  |p 1339468  |r 2026-01-13 00:00:00  |t 1  |w 2017-08-03  |y BK 
952 |0 0  |1 0  |4 0  |6 303_370000000000000_GUA  |7 0  |8 General  |9 9222  |a BC  |b BC  |c General  |d 2017-08-03  |l 0  |o 303.37 GUA  |p 1339469  |r 2026-01-13 00:00:00  |t 2  |w 2017-08-03  |y BK 
999 |c 4099  |d 4099